বাংলাদেশ : ধবস্ত - বিধবস্ত বিশ্ববিদ্যলয় থেকে -- একটি রাজনৈতিক বিশ্লেষণ / (Record no. 14285)

MARC details
000 -LEADER
fixed length control field 00867nam a22002057a 4500
001 - CONTROL NUMBER
control field BD-DhSAU 5964
003 - CONTROL NUMBER IDENTIFIER
control field BD-DhSAU
005 - DATE AND TIME OF LATEST TRANSACTION
control field 20180329124404.0
008 - FIXED-LENGTH DATA ELEMENTS--GENERAL INFORMATION
fixed length control field 150430b2012 bg a|||| |||| 001 0 eng d
020 ## - INTERNATIONAL STANDARD BOOK NUMBER
International Standard Book Number 9789843380388
040 ## - CATALOGING SOURCE
Original cataloging agency BD-DhSAU
082 ## - DEWEY DECIMAL CLASSIFICATION NUMBER
Edition number 22
Classification number 320.95492
Item number B3946
100 ## - MAIN ENTRY--PERSONAL NAME
Personal name বেগম, খুরশীদা ।
245 ## - TITLE STATEMENT
Title বাংলাদেশ : ধবস্ত - বিধবস্ত বিশ্ববিদ্যলয় থেকে -- একটি রাজনৈতিক বিশ্লেষণ /
Statement of responsibility, etc. খুরশীদা বেগম।
260 ## - PUBLICATION, DISTRIBUTION, ETC. (IMPRINT)
Place of publication, distribution, etc. ঢাকা :
Name of publisher, distributor, etc. সত্যান্বেষণ ,
Date of publication, distribution, etc. 2012.
300 ## - PHYSICAL DESCRIPTION
Extent 697 পৃ.:
Other physical details চিএ ;
Dimensions ২২ সে. মি.
590 ## - Name of Cataloguer
Name of Cataloger কামিম
650 ## - SUBJECT ADDED ENTRY--TOPICAL TERM
Topical term or geographic name as entry element রাজনৈতিক অবস্থা - বাংলাদেশ ।
942 ## - ADDED ENTRY ELEMENTS (KOHA)
Source of classification or shelving scheme Dewey Decimal Classification
Koha item type Book
Holdings
Withdrawn status Lost status Source of classification or shelving scheme Damaged status Not for loan Collection code Home library Branch Name Shelving location Date acquired Total Checkouts Full call number Barcode Date last seen Price effective from Koha item type
    Dewey Decimal Classification   Not For Loan Reference SAU Library SAU Library Reference 08/01/2018   320.95492 B3946 40466 29/03/2018 29/03/2018 Book
    Dewey Decimal Classification       SAU Library SAU Library General Stacks 08/01/2018   320.95492 B3946 40467 29/03/2018 29/03/2018 Book
    Dewey Decimal Classification       SAU Library SAU Library General Stacks 08/01/2018   320.95492 B3946 40468 29/03/2018 29/03/2018 Book
    Dewey Decimal Classification       SAU Library SAU Library General Stacks 08/01/2018   320.95492 B3946 40469 29/03/2018 29/03/2018 Book
    Dewey Decimal Classification       SAU Library SAU Library General Stacks 08/01/2018   320.95492 B3946 40470 29/03/2018 29/03/2018 Book